01201nam a22003497a 4500001001000000003000900010005001700019007000300036008003400039040005400073041001000127072003000137090001900167100001800186100003300204110009400237245010400331260004100435300001100476500001900487650001200506650000900518650001400527650002800541650002300569650002800592650001900620909003600639942000700675999001700682952015200699BR9301248BR-BrBNA20230928093839.0ta230509b bl.||||| |||| 00| 0 por d aBR-BrBNAbporcBiblioteca Nacional de Agricultura a(Por) aE16; F03; H01b3575b3530  3575 BR93012481 aZanatta, J.L.1 aAndrade, M.V.V. de (Coords.)1 aCompanhia Integrada de Desenvolvimento Agricola de Santa Catarina, Florianopolis (Brasil)1 aInspecao da producao estadual de sementes e mudas, basicas, certificadas, fiscalizadas: safra 86/873 aFlorianopolis, SC (Brasil): c1988.  a153 p. aNumerical data aSemente aMuda aVariedade aEstatistica de Producao aInspecao Sanitaria aCertificacao de Semente aSanta Catarina a202309bLuciac55dLucia Elande cBK c47466d47466 002AGRIS40708AGROBASEa41918b41918l0o 3575 BR9301248p3575 BR9301248r2023-09-25t01yBK10d2023-09-25ePortaria Interministerial nÂș 164/94